10 premiers pays en production de papier - Statistiques

Statistiques générales
  • Ce quiz a été pris 283 fois
  • Le résultat moyen est 7 sur 10
Statistiques - réponses
Production (1,000 tonnes) Partager Pays % Correct
99,300 24.9% Chine
97%
75,083 18.8% États-Unis
96%
10,159 2.5% Bresil
89%
12,112 3.0% Canada
84%
26,627 6.7% Japon
78%
22,698 5.7% Allemagne
73%
10,035 2.5% Indonesie
62%
11,492 2.9% Corée du Sud
51%
11,298 2.8% Suède
51%
11,329 2.8% Finlande
44%
Aucun quiz correspondant
Distribution des résultats
% des personnes avec chaque résultat
Percentile par nombre de réponses
Votre historique - résultats
Vous n’avez pas pris ce quiz